Checkpoint Pahalgam: Unveiling the India-Pakistan paradox (Record no. 395592)

MARC details
000 -LEADER
fixed length control field 00576 a2200205 4500
005 - DATE & TIME
control field 20260309123255.0
008 - FIXED-LENGTH DATA ELEMENTS--GENERAL INFORMATION
fixed length control field 260309b |||||||| |||| 00| 0 eng d
020 ## - ISBN
International Standard Book Number 9878198837059
Price Rs. 995.00
040 ## - CATALOGING SOURCE
Original cataloging agency VIVEKANANDA LIBRARY
082 ## - DDC NUMBER
Classification number 327.5405491
Book Number S64C
100 ## - MAIN ENTRY--PERSONAL NAME
Personal name Singh, U V
245 ## - TITLE STATEMENT
Title Checkpoint Pahalgam: Unveiling the India-Pakistan paradox
260 ## - PUBLICATION, DISTRIBUTION, ETC. (IMPRINT)
Name of publisher, distributor, etc Pentagon Press
Date of publication, distribution, etc 2025
Place of publication, distribution, etc New Delhi
300 ## - PHYSICAL DESCRIPTION
Pages xxxiv, 185
650 ## - Subject
Subject International Relation
650 ## - Subject
Subject Foreign Relations-India
650 ## - Subject
Subject Political Science
650 ## - Subject
Subject Defence Studies
942 ## - ADDED ENTRY ELEMENTS (KOHA)
Koha item type Books
Holdings
Withdrawn status Lost status Source of classification or shelving scheme Damaged status Not for loan Location (home branch) Sublocation or collection (holding branch) Shelving location Date acquired Koha issues (times borrowed) Koha full call number Accession No. Koha date last seen Koha item type
    Dewey Decimal Classification     VIVEKANANDA LIBRARY VIVEKANANDA LIBRARY Vivekananda Library 27/01/2026 1 327.5405491 S64C 444652 10/04/2026 Books
© Designed and Maintained by Vivekananda Library, MDU Rohtak